LEADER 01192nam 2200337Ia 450 001 996386854203316 005 20221108064424.0 035 $a(CKB)1000000000612912 035 $a(EEBO)2240859363 035 $a(OCoLC)52612210 035 $a(EXLCZ)991000000000612912 100 $a20030715d1686 uy 0 101 0 $aeng 135 $aurbn||||a|bb| 200 10$aInformation and direction to such persons as are inclined to America$b[electronic resource] $emore especially those related to the province of Pennsylvania 210 $a[London? $cs.n.$d1686] 215 $a4 p 300 $aCaption title. 300 $aImprint from Wing. 300 $aPrinted in two columns. 300 $aReproduction of the original in the Newberry Library. 330 $aeebo-0101 607 $aPennsylvania$xEmigration and immigration$vEarly works to 1800 607 $aPennsylvania$xHistory$yColonial period, ca. 1600-1775$vEarly works to 1800 700 $aPenn$b William$f1644-1718.$0444261 801 0$bEAE 801 1$bEAE 906 $aBOOK 912 $a996386854203316 996 $aInformation and direction to such persons as are inclined to America$92425463 997 $aUNISA